000
002480000a22000970004500
100
1
_a
Bohr, P. Richard
245
1
0
_a
The legacy of William Milne
300
_a
Vol. 25, Núm 4 (2001), Páginas 173-178
773
0
_t
International Bulletin
942
_c
ANA
999
_c
57244
_d
57244